The MANGROVE ecosystem : research methods

Bibliographic Details
Corporate Author: United Nations Educational, Scientific and Cultural Organization (UNESCO)
Other Authors: Snedaker
Format: Book
Published: Paris : UNESCO , 1984
Series:Monographs on oceanographic methodology; v. 8
Subjects:

MARC

LEADER 00000cam a2200000 7i4500
001 0000002384
005 20030604.0
020 0 0 |a 9231021818 
090 0 0 |a 577.698   |b MAN 1984 
245 0 4 |a The MANGROVE ecosystem :   |b research methods   |c edited by Samuel C. Snedaker and Jane G. Snedaker on behalf of the Unesco/SCOR Working Group 60 on Mangrove Ecology 
260 0 0 |a Paris :   |b UNESCO ,   |c 1984 
300 |a 251p. :   |b ill. ;   |c 25 cm. 
440 0 0 |a Monographs on oceanographic methodology; v. 8 
500 0 0 |a Includes bibliographical references p. 248 - 251 
650 0 0 |a Mangrove 
650 0 0 |a Mangrove ecology 
700 0 1 |a Snedaker   |h Jane G. 
700 0 1 |a Snedaker   |h Samuel C. 
710 1 1 |a United Nations Educational, Scientific and Cultural Organization (UNESCO) 
998 |a JPSM 
999 |a 0000004250   |b Monograph   |c Open Shelf   |e Default branch